000 00676nam a22001937a 4500
999 _c9996
_d9996
003 AR-CdUCM
008 190329b ||||| |||| 00| 0 spa d
040 _aMUNICIPALIDAD PROVINCIAL DEL CUSCO
_cBIBLIOTECA MUNICIPAL DEL CUSCO
082 _a395.3 /
_bB75 / 1645
100 _aBosio, Bartolome
_926580
245 _aEl drama del hospital :
_bDocumentos de un archivo profesional /
260 _aBuenos Aires :
_bClaridad,
_c1645.
300 _a217 paginas ;
_c22 cm.
505 _aContenido :El drama del hospital, documentos de un archivo profesional /
650 _aHospital
_926581
650 _aRutina diaria en un hospital
_926582
942 _2ddc
_cLIBROS
945 _arjall